Estampado práctico; libro para el taller y la oficina con problemas y sus soluciones /
Guardado en:
| Autor Principal: | |
|---|---|
| Formato: | Libro |
| Publicado: |
Argentina :
Nigar,
1965
|
| Edición: | 2a. ed. |
| Materias: | |
| Etiquetas: |
Agregar Etiqueta
Sin Etiquetas, Sea el primero en etiquetar este registro!
|
| LEADER | 00549nam a22001815a 4500 | ||
|---|---|---|---|
| 001 | CEM.cems003537 | ||
| 005 | 19000101000000.0 | ||
| 008 | 130507s1965##################000#0#####d | ||
| 003 | CEMS | ||
| 082 | 0 | 4 | |a 671.33 |
| 100 | 1 | |a Kaczmarek, Eugen | |
| 245 | 1 | 0 | |a Estampado práctico; libro para el taller y la oficina con problemas y sus soluciones / |c Eugen Kaczmarek |
| 250 | |a 2a. ed. | ||
| 260 | |a Argentina : |b Nigar, |c 1965 | ||
| 300 | |a 119 p. | ||
| 653 | |a Estampado | ||
| 653 | |a Artesanias | ||
| 859 | |a CEMS |b BIB. CEMS - 11 de abril |h 671.33 |i K113a2 |p 11748.83 |t Ej.1 | ||
